WWE Golden Era Superstars - Statistics

General Stats
  • This quiz has been taken 60 times
  • The average score is 13 of 16
Answer Stats
Hint Answer % Correct
The Hitman Bret Hart
98%
The Million Dollar Man Ted DiBiase
96%
The Macho Man Randy Savage
94%
The 8th Wonder of The World Andre the Giant
92%
Hulkamania Hulk Hogan
92%
The Snake Jake Roberts
84%
Hacksaw Jim Duggan
84%
Superfly Jimmy Snuka
84%
The King of Harts Owen Hart
84%
The Rowdy One Roddy Piper
84%
The Anvil Jim Neidhart
78%
The Barber Brutus Beefcake
72%
The Dragon Ricky Steamboat
70%
The Rockers Shawn Michaels and Marty Jannetty
66%
The British Bulldogs Davey Boy Smith and The Dynamite Kid
58%
The Magnificent Don Muraco
42%
No matching quizzes found
Score Distribution
Percent of People with Each Score
Percentile by Number Answered
Your Score History
You have not taken this quiz